Randomized Songs by First Line - Green Day - Statistics

General Stats
  • This quiz has been taken 1,845 times
  • The average score is 8 of 20
Answer Stats
Hint Answer % Correct
Fuck... / Another turning point, a fork stuck in the road Good Riddance (Time of Your Life
90%
Summer has come and passed / The innocent can never last Wake Me Up When September Ends
90%
Don't wanna be an _______ ____ American Idiot
89%
I'm the son of rage and love Jesus of Suburbia
88%
Do you have the time / To listen to me whine Basket Case
87%
I walk a lonely road Boulevard of Broken Dreams
86%
I wanna be the _______ / I don't need your authority Minority
86%
Do you know the enemy? Do you ____ ____ _____? Know Your Enemy
85%
Hey, Gloria, are you standing close to the edge? ¡Viva La Gloria
81%
I've been ______ a long time / For this moment to come Waiting
79%
This is a public service announcement, this is only a test Warning
78%
She's an ___________ ___ / In an ordinary world Extraordinary Girl
77%
Say hey! / Hear the sound of the falling rain
Holiday
77%
Hey, mister, where you headed? / Are you in a hurry? Hitchin' a Ride
76%
I'm having trouble trying to sleep Brain Stew
75%
__. ____'s comin' down across the alleyway St. Jimmy
74%
Do you know what's worth fighting for 21 Guns
73%
Dear mother, can you hear me whining? Welcome to Paradise
73%
Well, I heard you crying loud / All the way across town When I Come Around
73%
I'm all busted up / Broken bones and nasty cuts Pulling Teeth
72%
___'_ _ ____, she's a saint She's a Rebel
72%
Sing us the song of the century / It sings like _______ _____ American Eulogy: Mass Hysteria / Modern World
71%
Starry nights, city lights coming down over me Are We the Waiting
71%
I sit around and watch the tube, but nothing's on Longview
71%
___ ___ ____ ___ / You're running out of gas Nice Guys FInish Last
69%
I text a postcard sent to you / Did it go through? Last NIght on Earth
67%
Nobody likes you, everyone left you / They're all out without you, having fun Letterbomb
67%
Little girl, little girl, why are you crying? ¿Viva La Gloria? (Little Girl)
67%
__, __ screams in silence She
66%
Take away the sensation inside Give Me Novacaine
64%
Well, I've got some _______ pictures lying on my bedroom floor Scattered
64%
It started at the age of four / My mother went to the grocery store King for a Day
63%
Born into Nixon, I was raised in hell 21st Century Breakdown
62%
I was alone / I was __ __ _____ All by Myself
62%
My heart is beating from me / I am standing all alone Homecoming
61%
Thought I ran into you down on the street Whatsername
61%
I've got a really bad disease / It's got me begging on my hands and knees Restless Heart Syndrome
59%
I don't know you, but I think I hate you Chump
57%
Virginia was a lot-lizard from FLA Misery
56%
Gonna ride the world like a merry-go-round Nuclear Family
56%
___ _______ to the ones that we love Say Goodbye
56%
Raise your hands now to testify / Your confession will be crucified East Jesus Nowhere
55%
Something's on my mind / It's been for quite some time F.O.D
55%
Well, I've got a fever, a non-believer, I'm in a state of grace Peacemaker
55%
I'm like a child lookin' off in the horizon Still Breathing
55%
Today's the ____'_ ___ _____ / The night of the living dead is on its way Macy's Day Parade
54%
Desperate, but not hopeless Murder City
54%
I was a young boy that had big plans The Grouch
53%
Can you hear the sound of the static noise The Static Age
53%
Hey, little kid, did you wake up late one day? X-KId
53%
I get my kicks, and I wanna start a rager Bang Bang
52%
Shut your mouth, 'cause you're talking too much / And I don't give a damn anyway Let Yourself Go
52%
Do as I say, not as I do / Because the shit's so deep, you can't run away Walking Contradiction
52%
Seventeen, and strung out on confusion Coming Clean
51%
She puts her makeup on like graffiti on the walls of the heartland Last of the American GIrls
51%
__ ___, __ ___ / Won't you rain on me tonight? Oh Love
51%
Scream! With your hands up in the sky / Like you wanna testify Revolution Radio
51%
I declare I don't care no more Burnout
50%
I wanna be your ________ ____ ____ / I wanna be the one who takes the pain Dominated Love Slave
48%
My name is Billie, and I'm freakin' out Forever Now
48%
Another sentimental argument and bitter love Worry Rock
48%
We're living in repetition / Content in the same old shtick again Redundant
47%
Waiting in a room / All dressed up and bound and gagged up Blood, Sex and Booze
46%
Staring out of my window / Watching the cars go rolling by Christie Road
46%
Oh-oh, I love you, oh-oh, I do / I got a sentimental illness for you Too Dumb to Die
46%
Dreaming, I was only dreaming Before the Lobotomy
45%
I'm on a mission, I've made my decision Geek Stink Breath
45%
I'm not fucking around / I think I'm coming out Horseshoes and Handgrenades
45%
Walking after dark / In the New York City park Kill the DJ
45%
Sing us a ____ __ __ ______ / That's louder than bombs and eternity Song of the Century
45%
Today is the first day of the rest of our lives Church on Sunday
44%
I saw my friend the other day / And I don't know Emenius Sleepus
44%
He's a victim of his own time / In his vintage suit and tie Fashion Victim
44%
I woke up to a message of love Father of All...
44%
As I step to the edge on the shadow of a doubt / With my conscience beating Hold On
44%
I lock myself inside my room, _ ____ __ __ _____ I Want to Be Alone
44%
Somebody keep my balance, I think I'm falling off Jaded
44%
________, you'll never learn / When you commit the crime Shoplifter
44%
I lost my way, oh, baby, this ____ ____ Stray Heart
44%
________ is a girl with a peculiar name / I met her on the eve of my birthday Haushinka
43%
I fucked up again, it's all my fault Jinx
43%
Come together like a foot in a shoe Walking Alone
43%
Hey old man in women's shoes, I Wonder if he knows I think he's crazy Android
42%
Mom and dad don't look so hot these days Brat
42%
I know things are getting tougher / When you can't get the top off the bottom of the barrel Knowledge
42%
Hey! You're giving me a heart attack Troublemaker
42%
Ready for a cheap escape / On the brink of self-destruction Panic Song
41%
I sit alone in my bedroom / Starin' at the walls 2000 Light Years Away
40%
What are the symptoms of our happiness and civil war? Sugar Youth
40%
Turn out the lights, close your eyes Brutal Love
39%
Here we go again, infatuation touches me / Just when I thought that it would end Going To Pasalacqua
39%
Where can I find the city of shinin' light Ordinary World
39%
What brings you around? / Did you lose something the last time you were here? 86
38%
I'm on a sentimental journey into sight and sound Castaway
38%
Wake up, the house is on fire / And the cat's caught in the dryer Deadbeat Holiday
38%
To know you is to hate you / So loving you must be like suicide Jackass
38%
Stranded, lost inside myself Armatage Shanks
37%
I've got a knack for fucking everything up Bab's Uvula Who?
37%
Why should my fun have to end? / For me, it's only the beginning No One Knows
37%
I'm runnin' late to _________ ___ / That I don't want to be Somewhere Now
37%
Is your heart singing out of tune? / Are your eyes just singing the blues? Amy
36%
When I was younger, I thought that the world circled around me One of My Lies
36%
Standing on the corner of _____ __ __ ___ Stuart and the Ave.
36%
You pushed me once too far again / I want to break your fucking teeth Take Back
36%
Oh, drop your laundry and slam the door Fuck Time
35%
Hey there lookin' at me / Tell me what do you see At the Library
34%
Well I am just a mutt, and nowhere is my home No Pride
34%
Who the hell are you to tell me / What I am and what's my master plan? Reject
34%
Words get trapped in my mind / Sorry I don't take the time to feel the way I do When It's Time
34%
She, she's my ___ ___ (___ ___) Wild One
34%
Every night I dream the same dream / Of getting older and older all the time 16
33%
Now you see me, now you don't / Don't ask me where I'm at Disappearing Boy
33%
She is my ____ ____ / She is so wet and reckless Drama Queen
33%
Well, people try to put us down My Generation
33%
Taking a ride to my old haunts / She's in my blood Nightlife
33%
Well, I ain't got much time, so I'll get to the point Stay the NIght
33%
A thought burst in my head / And I need to tell you Who Wrote Holden Caulfield?
33%
Season's greeting cards and Christmas Xmas Time of the Year
33%
_____! Are you running around? / Are you crying out in bloody murder? Ashley
32%
Yeah x12 / Calling all demons, this is the season / Next stop is therapy
Dirty Rotten Bastards
32%
Kick the dog when the whistle blows, well, you're a liar (Ah) Fire, Ready, Aim
32%
Roaming 'round your house, wasting your time Sassafras Roots
32%
I'm in the crowd full of angels and demons Oh Yeah!
31%
Your rise and fall back up against the wall Platypus (I Hate You)
31%
I woke up in a pool of sweat / At first, I thought that I pissed the bed Fell For You
30%
Baby infidel in a dirty magazine / Telling dirty lies, everybody can see Stab You In the Heart
30%
What good is love and peace on Earth? Troubled Times
30%
I sit in the state of a daydream / With all of your words flying over my head 409 in Your Coffeemaker
29%
Hey x16 / He's at it again and he's gonna win Governator
29%
All brawn and no brains, yeah, and all those nice things, yeah In the End
29%
I'm too tired to be bored, I'm too bored to be tired Lazy Bones
29%
She smashed the radio with the board of education Maria
29%
I'm an _______ / Outside of anything Outsider
29%
Cheapskate on the hill, a thrill seeker making deals Tight Wad Hill
29%
I'm so tired, tired of waiting Tired of Waiting for You
29%
__ __ ___, every time I need it / What's the time? I said the time is right All the Time
28%
Concrete dream (Hey!) / I'm gonna make a scene Bouncing off the Wall
28%
I don't wanna freak you out, but I cannot lie I Was a Teenage Teenager
28%
My friend drove off the other day, now he's gone and all they say J.A.R (Jason Andrew Relva)
28%
I see you down on the front line / Such a sight for sore eyes Prosthetic Head
28%
This whiskey's sour, amateur hour / Raise your glass and toast your friends Rusty James
28%
I woke up on the wrong side of the floor Uptight
28%
Late last night I had a dream and she was in it again Dry Ice
27%
Waking up, feeling naked / In my clothes, inside a room that's vacant Missing You
27%
Now I rest my head from such an endless dreary time Paper Lanterns
27%
I'm not part of your elite, I'm just alright Stuck with Me
27%
Juliet's trying / To find out what she wants, but she don't know One for the Razorbacks
26%
Princess in a school girl's dream / May I please speak with you? The Judge's Daughter
26%
Smell your Technicolor in your eyes Wow! That's Loud
26%
_________ / She's my little _________ Youngblood
26%
Love conquers every time / When two hearts come to collide Hearts Collide
25%
Takin' all you down with me / Explosives duct taped to my spine Having a Blast
24%
____ ____ __ ____ x4 / We got the numbers, baby, gonna rumble in the streets
Here Comes the Shock
24%
Where'er you go, you know I'll be there / If you go far, you know I’ll be there Poprocks & Coke
24%
My mental stability reaches its bitter end 80
23%
Gotta build it up just to burn it down / You're the princess, I'm a fucking clown Angel Blue
23%
Well I crossed the river, fell into the sea See the Light
23%
Uncomfortable silence / I'll kill it if you want me to Stop When the Red LIghts Flash
23%
She's always living like she's running out of time Too Much Too Soon
23%
I woke up to a bitter storm (Bitter year) Back in the USA
22%
Don't want to have you hangin' / Around me like a leach Don't Wanna Fall in Love
22%
Sometimes it gets real hard / And I need some kind of output On the Wagon
22%
Sweet young girl, so soft and blonde / Does exactly what she's been warned Sweet Children
22%
______, don't you know / That I still walk around Amanda
21%
Well, I met a girl named ____ _____ / Her black heart beats crimson and clover Lady Cobra
21%
Hey, you've got yourself a pretty little mouth Makeout Party
21%
I wish I could tell you, but the words would come out wrong Only of You
21%
All my life, trouble follows me like a mystery girl Sex, Drugs & Violence
21%
Where in the world's __ _______? The Forgotten
21%
Say "hello" from your window / Say "goodbye" from your car 8th Avenue Serenade
20%
I got under the grip between this modern hell Christian's Inferno
20%
Breaking in a sweat like a bomb threat / Is your silhouette fading out? Carpe Diem
19%
Another one down at the mining town Graffitia
19%
How do you get your sleep at night? / How did you get your noose so tight? Ha Ha You're Dead
19%
Looking back upon my life and the places that I've been I Was There
19%
My mama said to me / "You're gonna have your enemies, Don't beg, don't follow" Junkies on a HIgh
19%
I'm takin' down all my enemies 'cause they're all so fucking useless Loss of Control
19%
Life after youth / Faded in twilight Outlaws
18%
Starlit night, the moon is shining bright / You are the one that I need 1,000 Hours
17%
A small cloud has fallen, the white mist hits the ground / My lungs comfort me with joy Green Day
17%
Hey, can you hear me / I'm calling your name Rest
17%
I always waste my time just wondering / What the next man thinks of me Road to Acceptance
17%
I'm _____ inside, my flesh turns to dust Rotting
17%
I'm going into a ____ __ ____ / I can twist, I can hardly walk State of Shock
17%
Where did you come from? Where have you been? A Little Boy Named Train
16%
He hit the ground running / At the speed of light Favorite Son
16%
Ooooh / HEY! x8 / DA, DUN DUN DA DUN The Simpsons Theme
16%
Now it seems I can't keep my mind above you Words I Might Have Ate
16%
There's a trouble in the air, a rumble in the streets 99 Revolutions
15%
Go! Go! Go! / Year of the rat, last of the litter Baby Eyes
15%
You come around every now and then / Your clothes look different Scumbag
15%
3 a.m., I'm drunk again / My head is standing underneath my feet Suffocate
15%
I saw you standing alone with a sad look on your face Why Do You Want HIm?
15%
As soon as you're born, they make you feel small Working Class Hero
15%
Wanna be a pretty boy / Wanna go on Solid Gold I Want to Be on T.V.
14%
I'm crawling on the dance floor / I think I lost my phone Meet Me on the Roof
14%
Bring me back to an hour ago / Time stands still as the years go by Sweet 16
14%
You, __ ______ __ / Like a tick on a dog's dick gnawing at my veins You Irritate Me
14%
You got a problem you just can't hide You Lied
14%
Well, I don't wanna go back home and I don't wanna kiss goodnight Cigarettes and Valentines
13%
Maybe I'll __ __ _____ x2 / Wherever the night takes you See You Tonight
13%
Clenching my teeth tight / My head is like a sponge Desensitized
11%
I'll go for miles 'til I find you / You say you want to leave me but you can't choose Don't Leave Me
11%
_____ __, here comes the night Lights Out
11%
Sitting in my room last night, staring at the mirror The One I Want
11%
Wander down these streets all by myself Private Ale
10%
I wanna go where the trouble begins Holy Toledo!
9%
Every time I'm falling down / You take the repercussions Do Da Da
8%
Looking at the clouds in the sky / Floating image in my mind Strangeland
8%
Boxed up all of her favorite things Westbound Sign
8%
Hey, do you say / Can I borrow some of your ____ ______ Black Eyeliner
7%
Sitting here with nothing to do / Sitting here, thinking only of you Chain Saw
6%
When I met you in the restaurant / You could tell I was no debutante Dreaming
6%
Rainy days and razor blades, I think it's time to pull up the shades Pollyanna
6%
This time, I've gotta put my guard down Walk Away
6%
Oh, it's so funny now me seeing you after so long Alison
5%
Come with me and let's go for a ride / Follow me out to the other side Best Thing in Town
5%
Why can't you just admit it? You've had it Sick of Me
5%
High on a low life / Hit me with a dull knife Take the Money and Crawl
5%
You show us everything you've got / You keep on dancin' and the room gets hot Rock and Roll all Nite
3%
Here I go / I don't know where to go again Place Inside My Head
0%
No matching quizzes found
Score Distribution
Percent of People with Each Score
Percentile by Number Answered
Your Score History
You have not taken this quiz